Nutrición infantil / (Registro nro. 14780)

Detalles MARC
000 -LIDER
fixed length control field 00692nam a22002417a 4500
001 - NÚMERO DE CONTROL
Identificador de número de control 240032
003 - IDENTIFICACDOR DE NÚMERO DE CONTROL
control field DO-SdBNP
005 - DATE AND TIME OF LATEST TRANSACTION
control field 20240809143017.0
007 - CAMPOS FIJOS DE DESCRIPCIÓN FÍSICA
fixed length control field 240032
008 - ELEMENTOS DE LONGITUD FIJA
fixed length control field 160321b19782009 p 00| 0 spa d
020 ## - ISBN
International Standard Book Number 9789972233425
040 ## - FUENTE DE CATALOGACIÓN
Agencia que crea de manera original el registro BPMSU
Idioma de catalogación spa
Agencia que realiza la transcripción BPMSU
082 #4 - NÚMERO DE CLASIFICACIÓN DECIMAL DE DEWEY
Classification number 649.3
Item number C512n 2009
Edition number 22
100 1# - ASIENTO PRINCIPAL -- NOMBRE PERSONAL
Nombre personal Chavez, P. Miguel
245 10 - MENCIÓN DE TITULO
Título Nutrición infantil /
Mención de responsabilidad Miguel Chavez P.
260 ## - PUBLICACIÓN, DISTRIBUCIÓN, ETC. (PIE DE IMPRENTA)
Lugar de publicación, distribución, etc Lima, Perú :
Nombre del editor, distribuidor, etc. Ediciones Mirbet,
Fecha de publicación, distribución, etc 2009
300 ## - DESCRIPCIÓN FÍSICA
Extensión 135 p. :
Otros detalles físicos il. ;
Dimensiones 21 cm.
590 ## - NOTA LOCAL
Texto de la nota local Inventariado, 2024/VM
650 #4 - ENCABEZAMIENTO DE MATERIA--TEMÁTICO
Término temático o nombre geográfico como elemento de entrada Nutrición infantil
Subdivisión de forma Manuales
650 #4 - ENCABEZAMIENTO DE MATERIA--TEMÁTICO
Término temático o nombre geográfico como elemento de entrada Niños
Subdivisión temática general Cuidado e higiene.
910 ## - VALIDACIÓN
Validación VMateo V. Control de calidad BPMSU
942 ## - ADDED ENTRY ELEMENTS (KOHA)
Source of classification or shelving scheme Dewey Decimal Classification
Koha item type Libros
Existencias
Withdrawn status Lost status Source of classification or shelving scheme Damaged status Not for loan Collection code Home library Current library Date acquired Total Checkouts Full call number Barcode Date last seen Copy number Price effective from Koha item type
    Dewey Decimal Classification     Colección General Biblioteca Pública Metropolitana Salomé Ureña Biblioteca Pública Metropolitana Salomé Ureña 08/04/2024   BPMSU CG 649.3 C512n 2009 BPMSU24080033 08/12/2024 e.3 08/12/2024 Libros
    Dewey Decimal Classification     Colección General Biblioteca Pública Metropolitana Salomé Ureña Biblioteca Pública Metropolitana Salomé Ureña 08/04/2024   BPMSU CG 649.3 C512n 2009 BPMSU24080034 08/12/2024 e.2 08/12/2024 Libros
    Dewey Decimal Classification     Colección General Biblioteca Pública Metropolitana Salomé Ureña Biblioteca Pública Metropolitana Salomé Ureña 08/04/2024   BPMSU CG 649.3 C512n 2009 BPMSU24080035 08/12/2024   08/12/2024 Libros